000 00281nam a22001217a 4500
008 180103b xxu||||| |||| 00| 0 eng d
041 _aeng
080 _a91
100 _a42
101 _aGJEO
245 _aPOPULATION GEOGRAPHY: PROGRESS & PROSPECT
_cPACIONE,M
942 _2udc
_cBK
999 _c39589
_d39589